000
00222nam a22000857a 4500
008
160713b xxu||||| |||| 00| 0 eng d
100
_9
2752
_a
Loomis, E.A
245
_a
The Self in Pilgrimage
260
_a
N.Y
_b
Harper & Row
_c
1960
999
_c
2388
_d
2388